000 00478nam a22001817a 4500
003 OSt
005 20140310181752.0
008 130627t xxu||||| |||| 00| 0 eng d
020 _a9710624113
050 _aQH 307.2
_b.C236 2003
082 _aFIL 574
_bC17 2003
245 _aBiology /
_cCapco, Carmelita M.
260 _aQuezon City, Philippines :
_bPhoenix Publishing,
_cc2003.
300 _a536 p. :
_bill. ;
_c26 cm.
562 _e1
942 _2lcc
_cBK
999 _c3256
_d3256